Research Methodology (Record no. 5784)

MARC details
000 -LEADER
fixed length control field 00318nam a2200133Ia 4500
008 - FIXED-LENGTH DATA ELEMENTS--GENERAL INFORMATION
fixed length control field 191201s2013 xx 000 0 und d
082 ## - DEWEY DECIMAL CLASSIFICATION NUMBER
Classification number 658.007
Item number KUR
100 ## - MAIN ENTRY--PERSONAL NAME
Personal name KUMAR,Ranjit
245 #0 - TITLE STATEMENT
Title Research Methodology
260 ## - PUBLICATION, DISTRIBUTION, ETC. (IMPRINT)
Place of publication, distribution, etc N. delhi
Name of publisher, distributor, etc Saga Publications
Date of publication, distribution, etc 2013
300 ## - PHYSICAL DESCRIPTION
Extent 415
650 ## - SUBJECT ADDED ENTRY--TOPICAL TERM
Topical term or geographic name as entry element BBA
942 ## - ADDED ENTRY ELEMENTS (KOHA)
Source of classification or shelving scheme Dewey Decimal Classification
Koha item type Text Books
942 ## - ADDED ENTRY ELEMENTS (KOHA)
-- 1
Holdings
Withdrawn status Lost status Source of classification or shelving scheme Damaged status Not for loan Collection code Home library Current library Date acquired Source of acquisition Cost, normal purchase price Bill Number Total Checkouts Full call number Acc. no. / Barcode Date last seen Date last borrowed Bill Date Koha item type Public note
    Dewey Decimal Classification     BBA PIET C-LIBRARY PIET C-LIBRARY 28/11/2013 IBH, New Delhi 525.00 15735 3 658.007 KUR 22902 05/03/2026 18/02/2026 26/11/2013 Text Books .
    Dewey Decimal Classification     BBA PIET C-LIBRARY PIET C-LIBRARY 28/11/2013 IBH, New Delhi 525.00 15735 1 658.007 KUR 22903 09/05/2023 08/05/2023 26/11/2013 Text Books  
    Dewey Decimal Classification     BBA PIET C-LIBRARY PIET C-LIBRARY 28/11/2013 IBH, New Delhi 525.00 15735 1 658.007 KUR 22904 09/05/2023 08/05/2023 26/11/2013 Text Books  

Design & Developed by: PIET Central Library
R70 Miles Stone Pattikalyana Samalkha Panipat 132102
mail ID :- [email protected], Phone No:- 0180-2569700 Ex.216